000 01215namaa22003131i 4500
005 20260301112327.0
008 260225s1996 ua a|||frm||| 000 0 eng d
040 _aEG-GICUC
_beng
_cEG-GICUC
_dEG-GICUC
_erda
041 0 _aeng
_beng
_bara
049 _aDeposit
097 _aM.Sc
099 _aCai01.11.24.M.Sc.1996.Me.P
100 0 _aMervat Abd-ELghany Ibrahim,
_epreparation.
245 1 0 _aPericardial Effusion In The Paediatric Age Group /
_cBy Mervat Abd-ELghany Ibrahim; Supervisors Dr. Ragaa Maher, Dr. Hala Hussein.
246 1 5 _aالإستسقاء في الغشاء المحيط بالقلب في الأطفال
264 0 _c1996.
300 _a162 Leaves :
_billustrations ;
_c30 cm. +
336 _2rda content
_atext
337 _2rdamedia
_aUnmediated
338 _2rdacarrier
_avolume
502 _aThesis (M.Sc.) -Cairo University, 1996.
504 _aBibliography: pages 140-162.
653 0 _aPaediatrics
700 0 _aRagaa Maher
_ethesis advisor.
700 0 _aHala Hussein
_ethesis advisor.
900 _DDepartment of Paediatrics
_FFaculty of Medicine
_UCairo University
_b1996
_cRagaa Maher
_cHala Hussein
905 _aEman El gebaly
_eNourhan
942 _2ddc
_cTH
_e21
_n0
999 _c178715